Banana Man - Tally Hall (All Lyrics) - Statistics

General Stats
  • This quiz has been taken 74 times
  • The average score is 247 of 413
Answer Stats
Answer % Correct
banana
94%
Banana
94%
banana?
94%
Chorus | Verse 1 Do
94%
do
94%
man?
94%
man,
94%
man
94%
a
93%
o'
93%
the
93%
you
93%
you!
93%
you,
93%
on
91%
see
91%
over
89%
when
89%
so!"
87%
so
87%
for
85%
for...
85%
white
85%
and
83%
he
83%
Hopping
83%
come
81%
me,
81%
me
81%
this
81%
This
81%
to
81%
want
81%
hot
80%
here
78%
song
78%
with
78%
tree
76%
try
76%
from
74%
it
74%
we
74%
songbirds!
72%
songbirds
72%
go
69%
Shhhhh....
69%
ton
69%
freshly
67%
give
67%
in
67%
one,
67%
one
67%
spirit
67%
take
67%
down
65%
Peel
65%
peel
65%
get
63%
Mm
63%
Mm!
63%
never
63%
taken
63%
all
61%
All
61%
flame,
61%
game,
61%
out
61%
shout
61%
Zimbabwe
61%
bonus
59%
dance
59%
double
59%
then
59%
loud,
57%
around
56%
names
56%
Verse 2 Tonight
56%
flow
54%
flow,
54%
free,
54%
friends,
54%
play
54%
is
52%
end
46%
no!
46%
no
46%
Bung
44%
gentlemen,
44%
Intro Ladies
44%
make
43%
more
43%
night,
43%
cloud!
41%
up
41%
present:
39%
shake
39%
know,
37%
know
37%
proud
37%
by
35%
let
35%
them
35%
thunder
35%
Vulchungo
35%
sands,
33%
your
33%
it's
31%
spirits
31%
who
31%
jumping
30%
why
30%
back
28%
firelight!
28%
getting
28%
nine
28%
of
28%
plan
28%
uptight
28%
about
26%
Chester
26%
clock
26%
colonel
26%
dark
26%
Patter Forget
26%
forget
26%
insane,
26%
Middle 8 Look
26%
or
26%
PT
26%
sun
26%
tune
26%
bum
24%
chant
24%
gimme
24%
may
24%
not
24%
time,
24%
too
24%
but
22%
city
22%
kick
22%
rhythm
22%
should,
22%
whatever
22%
away
20%
fly
20%
fun!
20%
I've
20%
like
20%
morning,
20%
rhyme
20%
run,
20%
tell
20%
Bridge Well
20%
Whitmore
20%
without
20%
you're
20%
could
19%
good,
19%
Tomorrow
19%
troubles
19%
wonder
19%
early
17%
falling
17%
little
17%
sky
17%
stop!
17%
throat
17%
town,
17%
choke,
15%
stick
15%
whether
15%
African't
13%
anything
13%
busy
13%
drum,
13%
laugh
13%
left
13%
plane
13%
'til
13%
doing
11%
don't
11%
ever
11%
mind
11%
numb,
11%
until
11%
bongo
9%
bumping
9%
bungalow,
9%
floating
9%
frown
9%
love
9%
mock
9%
stuck
9%
"Told
9%
another
7%
beckoning
7%
drop
7%
"wheeee!"
7%
Bungalay,
6%
bellow
4%
yellow
4%
wanna
2%
No matching quizzes found
Score Distribution
Percent of People with Each Score
Percentile by Number Answered
Your Score History
You have not taken this quiz